| 000 | 00755nam a2200217 i 4500 | ||
|---|---|---|---|
| 001 | 91723 | ||
| 003 | ES-MaACL | ||
| 005 | 20230906180809.0 | ||
| 007 | t| | ||
| 008 | 050209s2004 sp ||||1| cat d | ||
| 020 | _a84-7283-718-1 | ||
| 080 | _a929 Valls i Taberner, Ferran | ||
| 100 | 1 |
_aMas i Solench, Josep M. _978636 |
|
| 245 | 1 | 0 |
_aFerrans Valls i Taberner _b: semblança biográafica : conferència pronunciada davant el Ple / _cper Josep M. Mas i Solench el dia 20 d'octubre de 2003. |
| 250 | _a1ª ed. | ||
| 260 |
_aBarcelona : _bInstitut d'Estudis Catalans, _c2004. |
||
| 300 |
_a28 p. ; _c24 cm. |
||
| 600 | 1 | 4 |
_aValls i Taberner, Ferran. _9112942 |
| 710 | 2 |
_aInstitut d'Estudis Catalans. _94743 |
|
| 852 |
_aES-MaACL _j2186-F-29 _bR.133871 |
||
| 999 |
_c91723 _d91723 |
||